000 01040nam a22002297a 4500
001 6564
003 FISKH
005 20250512121204.0
008 250512b cb ||||| |||| 00| 0 eng d
020 _a9781107672130
040 _aFISKH
_beng
_cFISKH
_dFISKH
100 _aMcIntosh, Colin
245 _aCambridge English Mini Dictionary :
_bSecond Edition /
_cBy Colin McIntosh
250 _aFirst published 2004
260 _aCambridge University Press :
_bDelhi ,
_c2011 .
300 _a481 pages :
_bcolor illustrations ;
_c15 cm.
520 _aThe Cambridge English Mini Dictionary (Second Edition) is a compact and practical dictionary designed primarily for learners of English at beginner to intermediate levels (A2–B1 on the CEFR scale). It is ideal for students, travelers, and anyone who needs a quick reference to English vocabulary in a portable format.
700 _aBurrows,Ray
_eOxford designers and illustrators
700 _aDavid Shenton
_eOxford designers and illustrators
942 _2ddc
_cBK
_n0
999 _c6564
_d6564